Cómo tocar el piano : un modo nuevo y de fácil comprensión para aprender a tocar el piano /

Gorde:
Xehetasun bibliografikoak
Egile nagusia: Evans, Roger (autor)
Formatua: Liburua
Hizkuntza:gaztelania
Argitaratua: Madrid, España : EDAF, 1982, c1982
Saila:(Manuales de Música ; 4)
Gaiak:
Etiketak: Etiketa erantsi
Etiketarik gabe, Izan zaitez lehena erregistro honi etiketa jartzen!

MARC

LEADER 00000nam^a2200000^a^4500
001 000154796
005 20250521000000.0
009 20260310100405.118
020 |a 84-7166-796-7 
037 |a Acervo ITESO - Biblioteca 
041 |a ESP 
082 |a 789. 141  |b EVA 
100 |a Evans, Roger  |e (autor) 
245 1 0 |a Cómo tocar el piano :  |b un modo nuevo y de fácil comprensión para aprender a tocar el piano /  |c R. Evans ; rev. de Joaquín Fernández Picón ; tr. por Rafael Lassaletta. 
264 4 |a Madrid, España :  |b EDAF,  |c 1982, c1982 
300 |a 108 p. 
336 |a texto  |b txt  |2 rdacontenido 
337 |a sin mediación  |b n  |2 rdamedio 
338 |a volumen  |b nc  |2 rdasoporte 
440 1 |a (Manuales de Música ;  |v 4) 
500 |a Traducción de: How to Play Piano 
649 |a XX 
650 |a Piano -  |x Estudio y Enseñanza 
650 |a Instrumentos de Teclado -  |x Estudio y Enseñanza 
650 |a Instrumentos Musicales -  |x Estudio y Enseñanza 
650 |a Música -  |x Estudio y Enseñanza 
910 |a Fondo General 
920 |a Impresos - Libros 
930 |a Colección General 
905 |a 101 
901 |a 0500086249  |b IT1  |c ACC  |u 20250521 
902 |a https://opac.biblio.iteso.mx/vufind/Record/000154796